Brevario de literatura argentina contemporánea : con una ojeada retrospectiva /

Guardado en:
Autor Principal: Pinto, Juan
Formato: Libro
Publicado: Buenos Aires : La Mandr gora, 1958
Series:Colección Panoramas del Siglo Xx
Materias:
Etiquetas: Agregar Etiqueta
Sin Etiquetas, Sea el primero en etiquetar este registro!
LEADER 00564nam a22001815a 4500
001 CEM.cems005068
005 20060217000000.0
008 130507s1958##################000#0#####d
003 CEMS
082 0 4 |a A860 
100 1 |a Pinto, Juan 
245 1 0 |a Brevario de literatura argentina contemporánea :  |b con una ojeada retrospectiva / 
260 |a Buenos Aires :  |b La Mandr gora,  |c 1958 
300 |a 300 p. 
490 0 |a Colección Panoramas del Siglo Xx 
653 |a Literatura 
653 |a Literatura argentina 
859 |a CEMS  |b BIB. CEMS - 11 de abril  |h A860  |i P658  |p 3598.75  |t Ej.1